ბათუმის შოთა რუსთაველის სახელმწიფო უნივერსიტეტის ბიბლიოთეკა

ზეთისხილის კულტურა. (ბიბ.ჩანაწერი № 44725)

000 -LEADER
fixed length control field 00594nam a2200205Ia 4500
001 - CONTROL NUMBER
control field 11530
003 - CONTROL NUMBER IDENTIFIER
control field GE_BSU
008 - FIXED-LENGTH DATA ELEMENTS--GENERAL INFORMATION
fixed length control field 181216s||||||||xx |||||||||||||| ||und||
040 ## - CATALOGING SOURCE
Transcribing agency GE_BSU
080 ## - UNIVERSAL DECIMAL CLASSIFICATION NUMBER
Universal Decimal Classification number 634.63
100 ## - MAIN ENTRY--PERSONAL NAME
Personal name ლასარეიშვილი,ლ.ნ; გ.ბ.ზენაიშვილი.
245 ## - TITLE STATEMENT
Title ზეთისხილის კულტურა.
260 ## - PUBLICATION, DISTRIBUTION, ETC.
Place of publication, distribution, etc. თბილისი.
260 ## - PUBLICATION, DISTRIBUTION, ETC.
Name of publisher, distributor, etc. გ.გ
260 ## - PUBLICATION, DISTRIBUTION, ETC.
Date of publication, distribution, etc. 1995.
300 ## - PHYSICAL DESCRIPTION
Extent 36გვ;20სმ.
653 ## - INDEX TERM--UNCONTROLLED
Uncontrolled term ზეთისხილის კულტურა.
942 ## - ADDED ENTRY ELEMENTS (KOHA)
Koha item type წიგნი
ეგზემპლარები
Withdrawn status Lost status Damaged status Not for loan Date acquired Barcode Date last seen Price effective from Koha item type
        2018-12-17 20151 2018-12-17 2018-12-17 წიგნი
        2018-12-17 20152 2018-12-17 2018-12-17 წიგნი
        2018-12-17 20153 2018-12-17 2018-12-17 წიგნი
        2018-12-17 20154 2018-12-17 2018-12-17 წიგნი
        2018-12-17 20155 2018-12-17 2018-12-17 წიგნი
        2018-12-17 20156 2018-12-17 2018-12-17 წიგნი
        2018-12-17 20157 2018-12-17 2018-12-17 წიგნი
        2018-12-17 20158 2018-12-17 2018-12-17 წიგნი
        2018-12-17 20159 2018-12-17 2018-12-17 წიგნი
        2018-12-17 20160 2018-12-17 2018-12-17 წიგნი
        2018-12-17 20161 2018-12-17 2018-12-17 წიგნი
        2018-12-17 20162 2018-12-17 2018-12-17 წიგნი
        2018-12-17 20163 2018-12-17 2018-12-17 წიგნი
        2018-12-17 20164 2018-12-17 2018-12-17 წიგნი
        2018-12-17 20165 2018-12-17 2018-12-17 წიგნი
        2018-12-17 20166 2018-12-17 2018-12-17 წიგნი